Lugares de Chile - Estadísticas

Estadísticas generales
  • Esta prueba ha sido intentada 72 veces
  • La puntuación promedio es 22 de 44
Estadísticas de respuestas
Imagen Hint Respuesta % Correcto
Isla Rapa Nui
95%
Ciudad Valparaíso
95%
Edificio Palacio de La Moneda
90%
Parque Nacional Parque Nacional Torres del Paine
90%
Provincia Chiloé
85%
Fenómeno natural Desierto Florido
75%
Cerro Morro de Arica
73%
Isla Robinson Crusoe
73%
Mina Chuquicamata
68%
Salto Salto del Laja
68%
Capital chilena del surf Pichilemu
66%
Pueblo Pomaire
66%
Ciudad San Pedro de Atacama
66%
Estrecho Estrecho de Magallanes
64%
Río Río Biobío
64%
Islote Portada de Antofagasta
61%
Valle Valle de Elqui
61%
Volcán Volcán Villarrica
61%
Parque Nacional Parque Nacional Radal Siete Tazas
59%
Lago Lago Llanquihue
58%
Volcán Nevado Ojos del Salado
56%
Oficina Salitrera Oficina Salitrera Santiago Humberstone
54%
Ciudad Pucón
53%
Ciudad Chimbarongo
51%
Pueblo y Centro de esquí Farellones
46%
Ciudad minera Sewell
46%
Pueblo La Tirana
44%
Playa Bahía Inglesa
42%
Cueva Cueva del Milodón
42%
Pueblo Caleta Tortel
41%
Isla fluvial Isla Teja
36%
Cascada Cascada Invertida
31%
Parque Nacional Parque Nacional Conguillío
29%
Mina Chiflón del Diablo
25%
Comuna Cochamó
25%
Parque Nacional Parque Nacional La Campana
24%
Parque Nacional Parque Nacional Pan de Azúcar
24%
Parque Nacional Parque Nacional Queulat
24%
Ciudad Constitución
22%
Parque Nacional Parque Nacional Lauca
22%
Complejo volcánico Nevados de Chillán
14%
Castillo Castillo/Fuerte de Niebla
10%
Caleta Punta de Choros
5%
Archipiélago Islas Desventuradas
2%
No se encontraron pruebas coincidentes
Distribución de puntuación
Porcentaje de gente con cada puntuación
Porcentaje por número respondido
Historial de tus puntuaciones
No has intentado esta prueba.